000 00480nam a22001937a 4500
003 MPLRDC
005 20220104174226.0
008 210129b ||||| |||| 00| 0 eng d
020 _a1-85034-398-2
082 _a947.415 SMYT v.2
100 _aREG SMYTHE
245 _aANDYCAPP ; DON'T WAIT UP, V. 2
_c
250 _a再版
260 _a
_bRAVETTE BOOKS LIMITED
_c1992
300 _b
490 _aANDYCAPP IN COLOUR
650 _a漫画
942 _cBK
_o947.415 SMYT v.2
999 _c59764
_d59754